| 000 | 00336nam a2200121Ia 4500 | ||
|---|---|---|---|
| 008 | 220204s9999 xx 000 0 und d | ||
| 020 | _a8176383538 | ||
| 082 |
_a351.95(038) _bBHA |
||
| 245 | 0 | _aBharana sabdavali (Malayalam) Administrative glossary | |
| 250 | _aEd.7 | ||
| 260 |
_aTrivandrum _bKerala Bhasha Institute _c2003 |
||
| 942 | _cBK | ||
| 999 |
_c42455 _d42455 |
||